Southville International School and Colleges
Your cart is empty.
  • Cart
  • Lists
    Public lists Eva Luna New books Lux_list list_1
    Your lists Log in to create your own lists
  • Log in to your account
  • Your cookies
  • Search history
Southville International School and Colleges
  • Advanced search
  • Recent comments
  • Most popular
  • Libraries

Log in to your account

Log in with GOOGLE


If you do not have an external account, but do have a local account, you can still log in:

  1. Home
  2. MARC view: The truth about managing people
Normal view MARC view ISBD view

The truth about managing people (Record no. 14539)

[ view plain ]
MARC details
000 -LEADER
fixed length control field 00562nam a2200181 a 4500
003 - CONTROL NUMBER IDENTIFIER
control field PILC
005 - DATE AND TIME OF LATEST TRANSACTION
control field 20150112093435.0
008 - FIXED-LENGTH DATA ELEMENTS--GENERAL INFORMATION
fixed length control field 100721s19uu xx 00 eng d
020 ## - INTERNATIONAL STANDARD BOOK NUMBER
International Standard Book Number 0131838474
050 ## - LIBRARY OF CONGRESS CALL NUMBER
Classification number HF 5549.12
Item number .R632 2003
082 ## - DEWEY DECIMAL CLASSIFICATION NUMBER
Classification number MHSF 658.3
Item number R53 2003
100 ## - MAIN ENTRY--PERSONAL NAME
Personal name Robbins, Stephen P.
9 (RLIN) 15757
245 ## - TITLE STATEMENT
Title The truth about managing people
Remainder of title ...and nothing but the truth /
Statement of responsibility, etc Stephen P. Robbins
260 ## - PUBLICATION, DISTRIBUTION, ETC. (IMPRINT)
Name of publisher, distributor, etc Financial Times Prentice Hall Books,
Date of publication, distribution, etc 2003.
300 ## - PHYSICAL DESCRIPTION
Extent 211 pages :
Dimensions 15 cm.
650 ## - SUBJECT ADDED ENTRY--TOPICAL TERM
Topical term or geographic name as entry element Managing people
9 (RLIN) 15758
942 ## - ADDED ENTRY ELEMENTS (KOHA)
Source of classification or shelving scheme Library of Congress Classification
Koha item type Books
Holdings
Withdrawn status Lost status Source of classification or shelving scheme Damaged status Home library Current library Shelving location Date acquired Total Checkouts Full call number Barcode Date last seen Copy number Price effective from Koha item type
    Library of Congress Classification   Southville International School Affiliated with Foreign Universities Library Southville International School Affiliated with Foreign Universities Library Southville Foreign University Section 08/30/2013   HF 5549.12 .R632 2003 SFU1038 05/15/2018 1 08/30/2013 Books

The truth about managing people

APA

Robbins S. P., . (2003). The truth about managing people. : Financial Times Prentice Hall Books.

Chicago

Robbins Stephen P, . 2003. The truth about managing people. : Financial Times Prentice Hall Books.

Harvard

Robbins S. P., . (2003). The truth about managing people. : Financial Times Prentice Hall Books.

MLA

Robbins Stephen P, . The truth about managing people. : Financial Times Prentice Hall Books. 2003.

  • Place hold
  • Print
  • Cite
  • Add to your cart (remove)
  • Save record
    BIBTEX Dublin Core MARCXML MARC (non-Unicode/MARC-8) MARC (Unicode/UTF-8) MARC (Unicode/UTF-8, Standard) MODS (XML) RIS
  • More searches
    Search for this title in:
    Other Libraries (WorldCat) Other Databases (Google Scholar) Online Stores (Bookfinder.com) Open Library (openlibrary.org)

Exporting to Dublin Core...

SOUTHVILLE LIBRARY

Southville International School and Colleges Library

1281 Tropical Ave. Cor. Luxembourg St., BF Homes International, Las Pinas City

Tel. No. 8256374 / 252358 Loc. 117/146

Powered by Koha